000
00322nam a22001217a 4500
040
_c
SK
082
_a
639
100
_a
គី វណ្ណារិទ្ធ
245
_a
Coastal aquaculture; វារីវប្បកម្មតំបន់ឆ្នេ
260
_a
RUA
_b
គី
_c
2000
300
_a
71p.
942
_c
KB
999
_c
8911
_d
8911